| 000 | 00000nam##2200000za#4500 |
| 001 | 9.694860 |
| 003 | CaOODSP |
| 005 | 20241203113637 |
| 007 | cr ||||||||||| |
| 008 | 150407|1997||||xxc|||||o f|0| 0 eng|d |
| 040 | |aCaOODSP|beng |
| 043 | |an-cn--- |
| 086 | 1 |aEn21-125/1997E-PDF |
| 110 | 1 |aCanada. |bEnvironment Canada. |
| 245 | 10|aCanada's second national report on climate change : |h[electronic resource]|bactions to meet commitments under the United Nations Framework Convention on Climate Change, 1997 |
| 250 | |aUpdated |
| 260 | |aOttawa - Ontario : |bEnvironment Canada |cNovember 1997. |
| 300 | |a151p.|bgraphs, references, tables |
| 500 | |aContents: Introduction.--National circumstances.--Canada's National Greenhouse Gas Emission Inventory.--Policies and measures.--The emission projection to 2020.--Possible impacts of climate change on Canada.--Adaptation.--Financial assistance and technology transfer.--Research and systematic observations.--Education, training and public awareness. Logo on cover: Government of Canada. |
| 500 | |aThe catalogue number (En21-125/1997E) and ISBN (0-662-25665-4) for the print edition have been incorrectly copied in this PDF version. |
| 590 | |a11-13-Supp|b2011-08-04 |
| 690 | 07|aClimate change|2gcpds |
| 775 | 08|tDeuxième rapport national du Canada sur les changements climatiques : |w(CaOODSP)9.639028 |
| 776 | 0#|tCanada's second national report on climate change : |w(CaOODSP)9.646577 |
| 856 | 40|ahttp://publications.gc.ca|qPDF|s5465 KB|uhttps://publications.gc.ca/collections/collection_2011/ec/En21-125-1997-eng.pdf |